<?xml version="1.0" encoding="UTF-8"?>
<record
    xmlns:xsi="http://www.w3.org/2001/XMLSchema-instance"
    xsi:schemaLocation="http://www.loc.gov/MARC21/slim http://www.loc.gov/standards/marcxml/schema/MARC21slim.xsd"
    xmlns="http://www.loc.gov/MARC21/slim">

  <leader>00696nam a2200253Ia 4500</leader>
  <controlfield tag="001">109</controlfield>
  <controlfield tag="003">DO-SdBJH</controlfield>
  <controlfield tag="005">20180120165239.0</controlfield>
  <controlfield tag="008">180110s9999    dr            000 0 spa d</controlfield>
  <datafield tag="020" ind1=" " ind2=" ">
    <subfield code="a">84-9759-245-X</subfield>
  </datafield>
  <datafield tag="040" ind1=" " ind2=" ">
    <subfield code="a">DO-SdBJH</subfield>
    <subfield code="b">spa</subfield>
    <subfield code="c">DO-SdBJH</subfield>
  </datafield>
  <datafield tag="041" ind1=" " ind2=" ">
    <subfield code="b">spa</subfield>
  </datafield>
  <datafield tag="082" ind1=" " ind2=" ">
    <subfield code="a">RD 863.44 G216at 2004</subfield>
  </datafield>
  <datafield tag="100" ind1="1" ind2=" ">
    <subfield code="a">Garc&#xED;a M&#xE1;rquez, Gabriel</subfield>
  </datafield>
  <datafield tag="245" ind1="1" ind2="0">
    <subfield code="a">El amor en los tiempos del c&#xF3;lera / Gabriel Garc&#xED;a M&#xE1;rquez</subfield>
  </datafield>
  <datafield tag="250" ind1=" " ind2=" ">
    <subfield code="a">4a. ed.</subfield>
  </datafield>
  <datafield tag="260" ind1=" " ind2=" ">
    <subfield code="a">Barcelona : Debolsillo, 2004</subfield>
  </datafield>
  <datafield tag="300" ind1=" " ind2=" ">
    <subfield code="a">494 p&#xE1;ginas</subfield>
  </datafield>
  <datafield tag="650" ind1="4" ind2=" ">
    <subfield code="a">Literatura colombiana</subfield>
  </datafield>
  <datafield tag="650" ind1="4" ind2=" ">
    <subfield code="a">Novela colombiana</subfield>
  </datafield>
  <datafield tag="942" ind1=" " ind2=" ">
    <subfield code="2">ddc</subfield>
    <subfield code="c">BK</subfield>
  </datafield>
  <datafield tag="999" ind1=" " ind2=" ">
    <subfield code="c">1994</subfield>
    <subfield code="d">1994</subfield>
  </datafield>
  <datafield tag="952" ind1=" " ind2=" ">
    <subfield code="0">0</subfield>
    <subfield code="1">0</subfield>
    <subfield code="2">ddc</subfield>
    <subfield code="4">0</subfield>
    <subfield code="7">0</subfield>
    <subfield code="8">RD</subfield>
    <subfield code="a">BJPS</subfield>
    <subfield code="b">BJPS</subfield>
    <subfield code="c">GEN</subfield>
    <subfield code="d">2018-01-18</subfield>
    <subfield code="i">17-EARD-0034</subfield>
    <subfield code="l">0</subfield>
    <subfield code="o">RD 863.44 G216at 2004</subfield>
    <subfield code="p">17-EARD-0034</subfield>
    <subfield code="r">2018-01-20 00:00:00</subfield>
    <subfield code="t">Ej.2</subfield>
    <subfield code="w">2018-01-18</subfield>
    <subfield code="y">BK</subfield>
  </datafield>
</record>
